शहीद ऊधम सिंह : (Record no. 121276)

MARC details
000 -LEADER
fixed length control field 01195nam a22002537a 4500
005 - DATE AND TIME OF LATEST TRANSACTION
control field 20170124103210.0
010 ## - LIBRARY OF CONGRESS CONTROL NUMBER
LC control number A-649641
020 ## - INTERNATIONAL STANDARD BOOK NUMBER
Terms of availability 25.00
035 ## - SYSTEM CONTROL NUMBER
System control number A-649641
037 ## - SOURCE OF ACQUISITION
Source of stock number/acquisition Cen Lib/Ret
040 ## - CATALOGING SOURCE
Original cataloging agency DPL
Language of cataloging HN
082 ## - DEWEY DECIMAL CLASSIFICATION NUMBER
Classification number 822
Item number श्रीवास्त
100 ## - MAIN ENTRY--PERSONAL NAME
Personal name श्रीवास्तव, सत्येन्द्र
9 (RLIN) 49095
245 ## - TITLE STATEMENT
Title शहीद ऊधम सिंह :
Statement of responsibility, etc सत्येन्द्र श्रीवास्तव
Remainder of title उनका समय,उनकी क्रांति /
246 ## - VARYING FORM OF TITLE
Title proper/short title Shaheed Udham Singh : unka samay,unki kranti /
Remainder of title by Satyendra Shrivastava
260 ## - PUBLICATION, DISTRIBUTION, ETC. (IMPRINT)
Place of publication, distribution, etc दिल्ली
Name of publisher, distributor, etc अभिव्यंजना
Date of publication, distribution, etc 1991
270 ## - ADDRESS
City दिल्ली
Address बी 70/72, डी.एस.आई.डी.सी. काम्प्लेक्स, लोरेंस रोड
Postal code 110035
300 ## - PHYSICAL DESCRIPTION
Extent 93पृ.
Dimensions 17सेमी(सजिल्द)
650 ## - SUBJECT ADDED ENTRY--TOPICAL TERM
Topical term or geographic name as entry element हिन्दी -- साहित्य
9 (RLIN) 96132
650 ## - SUBJECT ADDED ENTRY--TOPICAL TERM
Topical term or geographic name as entry element हिन्दी -- नाटक
9 (RLIN) 96133
650 ## - SUBJECT ADDED ENTRY--TOPICAL TERM
Topical term or geographic name as entry element Hindi literature
9 (RLIN) 96134
650 ## - SUBJECT ADDED ENTRY--TOPICAL TERM
Topical term or geographic name as entry element Hindi - Drama
9 (RLIN) 96135
942 ## - ADDED ENTRY ELEMENTS (KOHA)
Source of classification or shelving scheme Dewey Decimal Classification
Koha item type Hindi Books
Classification part 822
Call number suffix श्रीवास्त
Holdings
Withdrawn status Lost status Damaged status Not for loan Home library Current library Date acquired Source of acquisition Cost, normal purchase price Total Checkouts Full call number Barcode Date last seen Copy number Cost, replacement price Price effective from Koha item type
        Central Library Central Library 05/10/2015 Cen Lib/Ret 25.00   822 श्रीवास्त A-649641 05/10/2015 1 25.00 05/10/2015 Hindi Books

© Delhi Public Library
Hit Counter
free hit counter